|
|
|
|
| LEADER |
006380000a22001930004500 |
| 005 |
20200217203012.0 |
| 060 |
|
|
|a 100
|
| 245 |
|
|
|a Fifteen poets : Chauser Spenser Shakespeare Milton Dryden Pope Cowper Coleridge Wordsworth Shelley Byron Keats Browning Tennyson Arnold
|
| 260 |
|
|
|a New York :
|b Oxford University Press,
|
| 440 |
|
|
|a 1982
|
| 300 |
|
|
|a 503
|
| 650 |
|
|
|a Poetry - English literature
|
| 041 |
|
|
|a eng
|
| 050 |
|
|
|a 010
|
| 022 |
|
|
|a 10169
|c AV
|
| 082 |
|
|
|a 821.008
|d FIF
|
| 942 |
|
|
|c BK
|
| 999 |
|
|
|c 271873
|d 271873
|
| 952 |
|
|
|0 0
|1 0
|4 0
|6 821_008000000000000
|7 0
|9 288961
|a ENG
|b ENG
|d 2019-09-27
|l 0
|o 821.008
|p ENG10169
|r 2019-09-27
|w 2019-09-27
|y BK
|